Plant genetic manipulation for crop protection (Record no. 40400)

MARC details
000 -LEADER
fixed length control field 00455nam a2200157Ia 4500
082 ## - DEWEY DECIMAL CLASSIFICATION NUMBER
Classification number 575:632
Item number GAT
245 #0 - TITLE STATEMENT
Title Plant genetic manipulation for crop protection
260 ## - PUBLICATION, DISTRIBUTION, ETC. (IMPRINT)
Place of publication London
Name of publisher CAB International
Year of publication 1992
490 ## - SERIES STATEMENT
Series statement Biotechnology in Agriculture 7
650 ## - SUBJECT ADDED ENTRY--TOPICAL TERM
Topical Term Genetic engineering
650 ## - SUBJECT ADDED ENTRY--TOPICAL TERM
Topical Term Plant transformation
650 ## - SUBJECT ADDED ENTRY--TOPICAL TERM
Topical Term Transposon tagging
700 ## - ADDED ENTRY--PERSONAL NAME
Personal name Gatehouse, A M R
942 ## - ADDED ENTRY ELEMENTS (KOHA)
Koha item type Books
Holdings
Withdrawn status Lost status Damaged status Not for loan Home library Current library Date acquired Cost, normal purchase price Full call number Accession Number Koha item type
        RRII Library RRII Library 16/12/2021 40.00 575:632 GAT 20700 Books